000 01050nas a2200349 4500
001 BR0504441
003 BR-BrBNA
005 20231205105633.0
007 ta
008 230509b bl.|||p| |||| 00| 00por d
040 _aBR-BrBNA
_bpor
_cBiblioteca Nacional de Agricultura
041 _a(Pt)
072 _aL02; L52
100 1 _aPereira, L.M. da R.
100 1 _aFischer, V.
100 1 _aMoreno, C.B.
100 1 _aFeerreira, E.X.
100 1 _aPrado, R.M.P.
100 1 _aGomes, J.F.
100 1 _aMonks, P.L.
245 1 _aSuplementação energético-protéica no desenvolvimento corporal de novilhas Jersey em pastejo
650 _aGADO JERSEY
650 _aPASTEJO
650 _aGANHO DE PESO
650 _aPASTAGEM NATIVA
650 _aSUPLEMENTO ENERGÉTICO
650 _aRAÇÃO BALANCEADA
650 _aCONDIÇÃO CORPORAL
773 0 _tRevista Brasileira de Zootecnia (Brazil)
_xISSN 1516-3598
_g(Jan-Feb 2005), v. 34(1) p. 175-187
_wBR0504441
909 _a202311
_bLúcia
_c55
_dLúcia Elande
942 _2AGRIS
_n0
_cANA
999 _c183893
_d183893